| 000 | 00636cam a2200241ua 4500 | ||
|---|---|---|---|
| 001 | 9628 | ||
| 008 | 160310n ii |||gr||||Z||||||asm | ||
| 020 | _a9788192321875 | ||
| 040 | _cMAIN | ||
| 041 | _aasm | ||
| 082 | _a320.3 | ||
| 100 |
_aDas, Deepan, _eAuthor. |
||
| 245 | 1 |
_aTulonamulok rajneeti _cby Deepan Das and others |
|
| 250 | _a1st ed. | ||
| 260 |
_aDibrugarh: _bNational library, _c2013. |
||
| 300 | _a314p. | ||
| 653 | _aPolitical science | ||
| 653 | _aComparative politics | ||
| 700 |
_aBorah, Gonesh Ch., _eAuthor. |
||
| 700 |
_aDutta, Debo Kumar, _eAuthor. |
||
| 700 |
_aBaruah, Santisaya, _eAuthor. |
||
| 942 | _cBK | ||
| 999 |
_c8656 _d8656 |
||